Rammstein Songs sortieren - Statistiken

Allgemein
  • Dieses Quiz wurde 2.520 mal gespielt
    2.256 seit der letzten Aktualisierung
  • Das Durchschnittsergebnis liegt bei 54 aus 92
Antwortstatistiken
Antwort % Korrekt
7. Album (2019) Deutschland
91%
3. Album (2001) Sonne
89%
2. Album (1997) Du hast
85%
2. Album (1997) Engel
85%
6. Album (2009) B********
80%
8. Album (2022) Zeit
79%
3. Album (2001) Mutter
78%
1. Album (1995) Rammstein
77%
8. Album (2022) Dicke Titten
76%
7. Album (2019) Radio
76%
5. Album (2005) Rosenrot
75%
7. Album (2019) Ausländer
74%
4. Album (2004) Amerika
72%
8. Album (2022) Adieu
71%
2. Album (1997) Sehnsucht
71%
4. Album (2004) Mein Teil
70%
6. Album (2009) Rammlied
70%
4. Album (2004) Reise, Reise
70%
3. Album (2001) Feuer frei!
69%
6. Album (2009) Pussy
69%
1. Album (1995) Du riechst so gut
68%
3. Album (2001) Ich will
68%
3. Album (2001) Links 2 3 4
68%
3. Album (2001) Mein Herz brennt
68%
7. Album (2019) Puppe
67%
4. Album (2004) Ohne Dich
66%
5. Album (2005) Benzin
65%
2. Album (1997) Bück dich
65%
8. Album (2022) Armee der Tristen
64%
1. Album (1995) Wollt ihr das Bett in Flammen sehen?
64%
8. Album (2022) Zick Zack
63%
6. Album (2009) Haifisch
62%
1. Album (1995) Herzeleid
62%
8. Album (2022) Angst
61%
6. Album (2009) Ich tu dir weh
61%
4. Album (2004) Moskau
61%
1. Album (1995) Seemann
61%
6. Album (2009) Liebe ist für alle da
60%
5. Album (2005) Mann gegen Mann
60%
1. Album (1995) Asche zu Asche
59%
8. Album (2022) Giftig
59%
7. Album (2019) Sex
59%
3. Album (2001) Spieluhr
59%
8. Album (2022) Schwarz
58%
4. Album (2004) Keine Lust
57%
6. Album (2009) Waidmanns Heil
57%
7. Album (2019) Diamant
56%
7. Album (2019) Tattoo
56%
1. Album (1995) Weisses Fleisch
56%
3. Album (2001) Adios
55%
8. Album (2022) Ok
55%
7. Album (2019) Zeig dich
55%
4. Album (2004) Dalai Lama
54%
1. Album (1995) Der Meister
54%
7. Album (2019) Hallomann
54%
1. Album (1995) Heirate mich
54%
2. Album (1997) Klavier
53%
3. Album (2001) Zwitter
53%
6. Album (2009) Frühling in Paris
52%
6. Album (2009) Wiener Blut
52%
1. Album (1995) Laichzeit
51%
4. Album (2004) Los
50%
8. Album (2022) Lügen
50%
8. Album (2022) Meine Tränen
50%
3. Album (2001) Nebel
50%
5. Album (2005) Stirb nicht vor mir (Don't die before I do)
50%
6. Album (2009) Donaukinder
49%
3. Album (2001) Rein Raus
49%
4. Album (2004) Stein um Stein
49%
2. Album (1997) Tier
49%
7. Album (2019) Was ich liebe
49%
2. Album (1997) Alter Mann
48%
2. Album (1997) Bestrafe mich
48%
2. Album (1997) Eifersucht
48%
4. Album (2004) Morgenstern
48%
6. Album (2009) Roter Sand
48%
5. Album (2005) Spring
48%
2. Album (1997) Küss mich (Fellfrosch)
47%
2. Album (1997) Spiel mit mir
47%
5. Album (2005) Te Quiero Puta!
47%
4. Album (2004) Amour
46%
5. Album (2005) Feuer und Wasser
46%
1. Album (1995) Das alte Leid
44%
6. Album (2009) Liese
44%
7. Album (2019) Weit weg
44%
5. Album (2005) Zerstören
44%
5. Album (2005) Ein Lied
42%
6. Album (2009) Führe mich
40%
5. Album (2005) Wo bist du
40%
5. Album (2005) Hilf mir
39%
6. Album (2009) Halt
37%
6. Album (2009) Mehr
36%
Keine übereinstimmenden Quizze gefunden
Verteilung der Resultate
Anzahl Personen mit jedem Resultat
Perzentil nach korrekt beantworteten Fragen
Ihre Resultats-Entwicklung
Sie haben dieses Quiz seit der letzten Aktualisierung nicht gespielt